1863 1215 1142 1498 1175 1864 1731 1021 1687 1095 1314 1960 1449 1607 1547 1309 1833 1004 1881 1993 1563 1604 1975 1320 1815 1361 1318 1770 1790 1083 1915 1746 1918 1723 1252 1854 1571 1108 1083 1207 1845 1027 1889 1930 1174 1014 1405 1837 1511 1120 1274 1579 1432 1391 1116 1414 1166 1124 1238 1734 1066 1502 1508 1795 1898 1783 1889 1017 1048 1836 1006 1126 1691 1227 1304 1343 1709 1844 1184 1236 1553 1254 1381 1762 1681 1595 1847 1861 1973 1467 1049 1648 1656 1976 1129 1922 1232 1123 1448 BCNSPRNW ULIB Ver.6.0+V

เปลี่ยนเป็นภาษาไทย

Change to English
 แสดงรายละเอียดบรรณานุกรม
  กลับหน้าหลัก

Brief Record : Get Marc (ISO 2709) : E-mail record : QR code < ปิดหน้าต่าง
LEADER : 00000nam 2200000uu 4500
001    13399121020
003     ULIB
008    121030s2549||||th 000 0 tha d
020    ^a9745200581
020    ^a9789745200586
050  4 ^aHD85^bส691ผ
110 1  ^aสำนักงานคณะกรรมการพัฒนาการเศรษฐกิจและสังคมแห่งชาติ
245 10 ^aแผนพัฒนาเศรษฐกิจและสังคมแห่งชาติ ฉบับที่10 พ.ศ.2550-2554 /^cสำนักงานคณะกรรมการพัฒนาการเศรษฐกิจและสังคมแห่งชาติ
250    ^aพิมพ์ครั้งที่ 1
260    ^aกรุงเทพฯ :^bสำนักงานคณะกรรมการพัฒนาการเศรษฐกิจและสังคมแห่งชาติ,^c2549
300    ^a185 หน้า
650  7 ^aแผนพัฒนาเศรษฐกิจและสังคมแห่งชาติ
650  7 ^aนโยบายเศรษฐกิจ
945    ^p90^l0^i14816
995    ^aทศพร
999    ^aทศพร เกษรทอง
รายการนี้ยังไม่มีแท็ก
คุณยังไม่ได้ล็อกอิน คุณสามารถมีกิจกรรมร่วมกับเว็บไซต์ได้ แต่ต้องล็อกอินก่อน ::
  ล็อกอิน

รายการสื่อสารสนเทศ

ลำดับที่ ประเภท เลขเรียก/บาร์โค้ด สถานที่ สถานะ
1. วิทยาศาสตร์การแพทย์ และสุขภาพ
วิทยาศาสตร์การแพทย์ และสุขภาพ
HD85 ส691ผ ฉ.1 
  Barcode: 14816
ห้องสมุดวิทยาเขตสวรรค์ประชารักษ์
►หนังสือทั่วไป
บนชั้น

รายการใกล้เคียง
    หัวเรื่อง [แผนพัฒนาเศรษฐกิจและสังคมแห่งชาติ]
    หัวเรื่อง [นโยบายเศรษฐกิจ]

BibComment


ยังไม่เคยถูกคอมเมนท์

คอมเมนท์ทรัพยากรรายการนี้
  คอมเมนท์: แผนพัฒนาเศรษฐกิจ..


 Copyright 2026. Bcnsprnw @Library